Statistics for Guess the Soccer Player

Click here to take the quiz!

General Stats

  • This quiz has been taken 635 times
  • The average score is 13 of 15

Answer Stats

Answer% Correct
Mohamed Salah
99%
Neymar Jr
99%
Pele
99%
Luka Modric
97%
Virgil Van Dijk
95%
Luis Suarez
94%
Ronaldinho
94%
Robert Lewandowski
92%
Raheem Sterling
91%
Thomas Muller
90%
Thiago Silva
88%
David De Gea
87%
Alphonso Davies
85%
Christian Pulisic
77%
Ricardo Quaresma
54%

Score Distribution

Percentile by Number Answered

Percent of People with Each Score

Your Score History

You have not taken this quiz